000 01212cam a2200349 i 4500
001 40047
003 Mx-PuUPA
005 20251030114638.0
008 140415s2016 mx gr 001 0 spa d
020 _a9786073144940
040 _aMx-PuUPA
_cMx-PuUPA
_bspa
_dMx-PuUPA
_erda
041 0 _aspa
043 _an-mx---
100 1 _aPérez, Ana Lilia,
_917625
_eautor
245 1 0 _aMares de cocaína :
_clas rutas náuticas del narcotráfico /
_bAna Lilia Párez
250 _aPrimera edición en este formato /
_bmayo
264 1 _aCiudad de México :
_bGrijalbo,
_c2016
300 _a366 páginas ;
_c19 cm
336 _2rdacontent
_atexto
_btxt
337 _2rdamedia
_asin medio
_bn
338 _2rdacarrier
_avolumen
_bnc
490 0 _aColección México Roto
650 7 _2armarc
_aIndustria de la cocaína
_zMéxico
650 7 _2armarc
_aCorrupción política
_zMéxico
650 7 _2armarc
_aTráfico de drogas
650 7 _2armarc
_aControl de drogas y narcóticos
_zMéxico
942 _2ddc
_cLI
_h364.133650972
_iP42
999 _c40047
_d40047